[Event "Fagernes op"]
[Site "Fagernes"]
[Date "2024.03.24"]
[Round "1"]
[White "Elsness, Fredrik Valstad"]
[Black "Kistrup, Nicolai"]
[Result "0-1"]
[WhiteElo "1873"]
[BlackElo "2324"]
[PlyCount "64"]
[EventDate "2024.03.24"]
[EventType "swiss"]
[EventRounds "9"]
[EventCountry "NOR"]
[SourceTitle "CB14_2024"]
[SourceDate "2024.04.01"]
[SourceVersion "1"]
[SourceVersionDate "2024.04.01"]
[SourceQuality "1"]

1. e4 e5 2. Nf3 Nc6 3. Bc4 Nf6 4. d4 exd4 5. e5 d5 6. Bb5 Ne4 7. Nxd4 Bd7 8. Bxc6 bxc6 9. 0-0 Bc5 10. f3 Ng5 11. f4 Ne4 12. Be3 Qb8 13. Nd2 Qxb2 14. Nxe4 dxe4 15. Qd2 Qb4 16. Qf2 Qc3 17. Rae1 Bb6 18. f5 c5 19. Nb3 Bb5 20. Bd2 Qxc2 21. f6 g6 22. Rc1 Qxa2 23. Qe3 Bxf1 24. Qxe4 0-0 25. Qf4 Kh8 26. Qh6 Rg8 27. Rc3 Bd3 28. e6 c4+ 29. Kh1 cxb3 30. exf7 b2 31. fxg8R+ Rxg8 32. f7 Qxf7 0-1

[Event "Kragero op"]
[Site "Kragero"]
[Date "2024.02.22"]
[Round "4"]
[White "Elsness, Fredrik Valstad"]
[Black "Elmi, Saad Abobaker"]
[Result "0-1"]
[WhiteElo "1783"]
[BlackElo "2323"]
[PlyCount "72"]
[EventDate "2024.02.21"]
[EventType "swiss"]
[EventRounds "9"]
[EventCountry "NOR"]
[SourceTitle "CB09_2024"]
[SourceDate "2024.02.28"]
[SourceVersion "1"]
[SourceVersionDate "2024.02.28"]
[SourceQuality "1"]

1. e4 c5 2. Nf3 e6 3. d4 cxd4 4. Nxd4 Nc6 5. Nc3 Qc7 6. Be3 a6 7. Qf3 Nf6 8. 0-0-0 Ne5 9. Qg3 b5 10. f4 Neg4 11. Bd2 b4 12. Na4 h5 13. Bd3 h4 14. Qf3 Bb7 15. Qe2 Nh6 16. Rhe1 Be7 17. e5 Nd5 18. g4 hxg3 19. hxg3 Qa5 20. b3 Nb6 21. Nxb6 Qxb6 22. Be3 Bc5 23. Nf3 Bxe3+ 24. Qxe3 Qxe3+ 25. Rxe3 Ng4 26. Re4 Nf2 27. Rde1 Nxd3+ 28. cxd3 Bxe4 29. Rxe4 a5 30. Nd2 Rh1+ 31. Kc2 Rh2 32. Kc1 Ke7 33. Rc4 Rg2 34. Ne4 Rh8 35. Kb1 Rh1+ 36. Rc1 Rhh2 0-1